000 00526cam a2200181 i 4500
020 _a0853347948 (v. 1) :
082 0 0 _a666.893
_bORC
_cL-19, P-34.
100 1 _aOrchard, Dennis Frank.
_944865
245 1 0 _aConcrete technology /
_cby D. F. Orchard.
250 _a2nd ed.
260 _aLondon :
_bGreat Britain limited
_c1962
300 _a358. :
_bill. ;
_c20 cm.
505 1 _av. 1. Properties of materials.
526 _a0
_b0
_c0
_d666_893000000000000_ORC
650 0 _aConcrete.
650 0 _aMCE
_9379
942 _2ddc
_cBK
999 _c548520
_d548520